000
00273nam a22001097a 4500
008
170112b xxu||||| |||| 00| 0 eng d
020
_a
0397544596
041
_a
eng
080
_a
618.2
245
_a
STUDY GUIDE OF ESSENTIALS OF NURSING RESEARCH
_c
POLIT, D.F
942
_2
udc
_c
BK
999
_c
2773
_d
2773